| 000 | 00966nam a22002655a 4500 | ||
|---|---|---|---|
| 999 |
_c24585 _d24557 |
||
| 003 | EG-ScBUE | ||
| 005 | 20190131152125.0 | ||
| 008 | 170403s2011 ua frb 000 0 ara d | ||
| 017 | _a2010 / 24803 | ||
| 020 | _a9789770466207 | ||
| 040 |
_aEG-ScBUE _bara _cEG-ScBUE _dEG-ScBUE |
||
| 082 | 0 | 4 |
_a341.48572 _bم ف ت _222 |
| 100 | 1 | _aمفتاح، عبد الله. | |
| 245 | 1 | 0 |
_aحقوق الطفل : _bقوانين ووثائق وأبحاث ومختارات / _cعبد الله مفتاح. |
| 250 | _aط. 2. | ||
| 250 | _aط. 3. | ||
| 260 |
_aالقاهرة : _bدار النهضة العربية : _bنادي القضاة، _c2011. |
||
| 300 |
_a384 ص. ؛ _c24 سم. |
||
| 504 | _aيشتمل على إرجاعات ببليوجرافية. | ||
| 541 |
_aد. أحمد حمد ؛ _cإهداء ؛ |
||
| 650 | 7 |
_aحقوق الأطفال (قانون دولي) _2BUEsh _940977 |
|
| 651 | _2BUEsh | ||
| 653 |
_bLLAAWW _cApril2017 _cJanuary2019 |
||
| 942 | _2ddc | ||